|
|
|
|
| LEADER |
01010nam a22002537a 4500 |
| 003 |
GR-PaULI |
| 005 |
20250131095154.0 |
| 007 |
ta |
| 008 |
250131s2022 -us||||f |||| 001 0 eng d |
| 020 |
|
|
|a 9780323792622
|
| 040 |
|
|
|a GR-PaULI
|b gre
|c GR-PaULI
|e AACR2
|
| 060 |
|
|
|a WK 810
|
| 100 |
|
|
|a McDermott, Michael T.
|9 53330
|e συγγραφέας
|
| 245 |
1 |
0 |
|a Diabetes secrets /
|c Michael T. McDermott, Jennifer M. Trujillo.
|
| 260 |
|
|
|a Philadelphia, PA :
|b Elsevier,
|c 2022.
|
| 300 |
|
|
|a viii, 189 σ. ;
|c 23 εκ.
|
| 504 |
|
|
|6 Περιλαμβάνει βιβλιογραφία και ευρετήριο.
|
| 650 |
|
4 |
|a Διαβήτης
|9 9215
|
| 650 |
|
4 |
|a Ιατρική εκπαίδευση
|x Ασκήσεις
|9 31545
|
| 700 |
|
|
|a Trujillo, Jennifer M.
|9 207762
|e συγγραφέας
|
| 942 |
|
|
|2 nlm
|c BK15
|
| 952 |
|
|
|0 0
|1 0
|2 nlm
|4 0
|6 WK_810_MCD
|7 0
|9 386875
|a MEDI
|b MEDI
|d 2025-01-31
|i 7887
|l 0
|o WK 810 McD
|p 025000177238
|r 2025-01-31 09:52:37
|t 1
|w 2025-01-31
|y BK15
|
| 998 |
|
|
|c ΜΑΝΙΑΚΗ
|d 2025
|
| 999 |
|
|
|c 224572
|d 224572
|